[Event "UAE National Day 51st"]
[Site "Sharjah"]
[Date "2022.12.04"]
[Round "8"]
[White "Erdogdu, Mert"]
[Black "Grivas, Efstratios"]
[Result "0-1"]
[WhiteElo "2413"]
[BlackElo "2396"]
[PlyCount "107"]
[EventDate "2022.12.03"]
[EventType "swiss (rapid)"]
[EventRounds "10"]
[EventCountry "UAE"]
[SourceTitle "CBM 211 Extra"]
[Source "ChessBase"]
[SourceDate "2023.01.31"]
[SourceVersion "1"]
[SourceVersionDate "2023.01.31"]
[SourceQuality "1"]

1. e4 e6 2. d4 d5 3. Nc3 dxe4 4. Nxe4 Nd7 5. Bd3 Be7 6. Qe2 Ngf6 7. Nf3 c5 8. Nxf6+ Bxf6 9. Be3 cxd4 10. Bxd4 0-0 11. 0-0-0 Bxd4 12. Nxd4 Qa5 13. Kb1 Nc5 14. Rhe1 Bd7 15. Bc4 Rac8 16. f4 Qc7 17. g3 a6 18. Qe5 Qxe5 19. Rxe5 Rfd8 20. Ree1 Kf8 21. Bf1 g6 22. Bg2 a5 23. Rd2 Bc6 24. Bxc6 bxc6 25. Red1 Ke8 26. Nf3 Rxd2 27. Rxd2 Ke7 28. c3 Rb8 29. Kc2 Rb6 30. Ne5 f6 31. Nc4 Ra6 32. b3 a4 33. b4 Nb7 34. a3 h6 35. h4 h5 36. Rd3 Nd8 37. Na5 Nf7 38. Nb7 Ra7 39. Nc5 e5 40. c4 f5 41. Kc3 e4 42. Rd1 Nd6 43. Kd4 Ra8 44. Rb1 Rd8 45. Kc3 Ra8 46. Rb2 Kd8 47. Ne6+ Kd7 48. Nd4 Kc7 49. Rd2 Re8 50. Re2 Nc8 51. c5 Na7 52. Kd2 Nb5 53. Nxb5+ cxb5 54. Ke3 0-1

[Event "UAE National Day 51st"]
[Site "Sharjah"]
[Date "2022.12.04"]
[Round "7"]
[White "Grivas, Efstratios"]
[Black "Farahat, Ali"]
[Result "1/2-1/2"]
[WhiteElo "2396"]
[BlackElo "2363"]
[PlyCount "54"]
[EventDate "2022.12.03"]
[EventType "swiss (rapid)"]
[EventRounds "10"]
[EventCountry "UAE"]
[SourceTitle "CBM 211 Extra"]
[Source "ChessBase"]
[SourceDate "2023.01.31"]
[SourceVersion "1"]
[SourceVersionDate "2023.01.31"]
[SourceQuality "1"]

1. d4 d5 2. c4 c6 3. Nf3 Nf6 4. Nbd2 g6 5. g3 Bg7 6. Bg2 0-0 7. 0-0 a5 8. Ne5 Be6 9. cxd5 cxd5 10. Ndf3 Ne4 11. Bf4 Qb6 12. Qb3 Qxb3 13. axb3 f6 14. Nd3 Nc6 15. Rfc1 Rfc8 16. h3 g5 17. Be3 h6 18. Nc5 Nxc5 19. Rxc5 b6 20. Rc3 Nb4 21. Bd2 Kf7 22. e3 Bd7 23. Ne1 e6 24. Bf1 Bf8 25. Nd3 Nxd3 26. Bxd3 Bd6 27. Kg2 Ke8 1/2-1/2

[Event "Sharjah Ramadan Stars"]
[Site "Sharjah"]
[Date "2022.04.13"]
[Round "8"]
[White "Sindarov, Javokhir"]
[Black "Grivas, Efstratios"]
[Result "1-0"]
[WhiteElo "2609"]
[BlackElo "2414"]
[PlyCount "68"]
[EventDate "2022.04.12"]
[EventType "tourn (rapid)"]
[EventRounds "10"]
[EventCountry "UAE"]
[EventCategory "13"]
[SourceTitle "CBM 207 Extra"]
[Source "ChessBase"]
[SourceDate "2022.05.31"]
[SourceVersion "1"]
[SourceVersionDate "2022.05.31"]
[SourceQuality "1"]

1. e4 c5 2. Nf3 Nc6 3. d4 cxd4 4. Nxd4 Qb6 5. Nb3 Nf6 6. Nc3 e6 7. a3 Qc7 8. g3 a6 9. Bg2 d6 10. 0-0 Be7 11. Be3 b5 12. f4 0-0 13. Qe2 Rb8 14. g4 Nd7 15. g5 Re8 16. Kh1 b4 17. axb4 Nxb4 18. f5 Ne5 19. Nd4 Qc4 20. Qd1 Bf8 21. Bg1 Bd7 22. Nce2 Qc7 23. b3 a5 24. Nf4 Nbc6 25. c3 Qd8 26. h4 Nxd4 27. cxd4 Nc6 28. fxe6 fxe6 29. d5 exd5 30. exd5 Ne5 31. Ne6 Bxe6 32. dxe6 Be7 33. Rf7 Bxg5 34. hxg5 Qxg5 1-0

[Event "Sharjah Blitz op"]
[Site "Sharjah"]
[Date "2021.05.01"]
[Round "1.7"]
[White "Grivas, Efstratios"]
[Black "Al Maamari, Wafia Darwish"]
[Result "1-0"]
[WhiteElo "2414"]
[BlackElo "1928"]
[PlyCount "83"]
[EventDate "2021.05.01"]
[EventType "swiss (blitz)"]
[EventRounds "9"]
[EventCountry "UAE"]
[SourceTitle "CBM 202 Extra"]
[Source "ChessBase"]
[SourceDate "2021.07.31"]
[SourceVersion "1"]
[SourceVersionDate "2021.07.31"]
[SourceQuality "1"]

1. d4 Nf6 2. c4 e6 3. Nf3 b6 4. g3 Bb7 5. Bg2 Bb4+ 6. Nbd2 0-0 7. 0-0 d6 8. Nb3 d5 9. c5 bxc5 10. a3 c4 11. axb4 cxb3 12. Qxb3 Nbd7 13. Bf4 Nh5 14. Bg5 Nhf6 15. Rfc1 Nb6 16. Ne5 h6 17. Bf4 g5 18. Be3 Nfd7 19. Nc6 Bxc6 20. Rxc6 Nc4 21. Bc1 Ndb6 22. Qc3 Qd7 23. b5 a6 24. b3 axb5 25. Rxa8 Rxa8 26. Rc5 b4 27. Qc2 Nd6 28. Rxc7 Qb5 29. Bf1 Rc8 30. h4 gxh4 31. Bxh6 Rxc7 32. Qxc7 Nf5 33. Bf4 hxg3 34. Qd8+ Kg7 35. Be5+ Kg6 36. Qf6+ Kh5 37. Qxf7+ Kh6 38. Qf8+ Kg6 39. Qf6+ Kh7 40. e4 gxf2+ 41. Kxf2 Qa5 42. exf5 1-0

[Event "Sharjah Blitz op"]
[Site "Sharjah"]
[Date "2021.05.01"]
[Round "9.5"]
[White "Sultan, Ibrahim"]
[Black "Grivas, Efstratios"]
[Result "0-1"]
[WhiteElo "2076"]
[BlackElo "2414"]
[PlyCount "54"]
[EventDate "2021.05.01"]
[EventType "swiss (blitz)"]
[EventRounds "9"]
[EventCountry "UAE"]
[SourceTitle "CBM 202 Extra"]
[Source "ChessBase"]
[SourceDate "2021.07.31"]
[SourceVersion "1"]
[SourceVersionDate "2021.07.31"]
[SourceQuality "1"]

1. d4 Nf6 2. c4 g6 3. Nc3 Bg7 4. e4 d6 5. Nf3 0-0 6. Be2 e5 7. 0-0 Nbd7 8. Qc2 c6 9. b4 a5 10. a3 axb4 11. Na4 exd4 12. Nxd4 b3 13. Qxb3 Nxe4 14. Be3 Ndc5 15. Nxc5 dxc5 16. Nf3 Bxa1 17. Rxa1 Qf6 18. Rc1 Bf5 19. Ne1 Qe7 20. Nd3 Rfd8 21. h3 h5 22. Rb1 Rd7 23. Rb2 Re8 24. f3 Ng3 25. Bxc5 Nxe2+ 26. Kf1 Nd4 27. Bxe7 Nxb3 0-1

[Event "Sharjah Rapid op"]
[Site "Sharjah"]
[Date "2021.04.30"]
[Round "7.2"]
[White "Dimakiling, Oliver"]
[Black "Grivas, Efstratios"]
[Result "1-0"]
[WhiteElo "2409"]
[BlackElo "2414"]
[PlyCount "112"]
[EventDate "2021.04.29"]
[EventType "swiss (rapid)"]
[EventRounds "9"]
[EventCountry "UAE"]
[SourceTitle "CBM 202 Extra"]
[Source "ChessBase"]
[SourceDate "2021.07.31"]
[SourceVersion "1"]
[SourceVersionDate "2021.07.31"]
[SourceQuality "1"]

1. Nf3 Nf6 2. d4 g6 3. Bf4 Bg7 4. h3 0-0 5. Nbd2 c5 6. e3 b6 7. c3 Bb7 8. Be2 d6 9. 0-0 Nbd7 10. a4 a6 11. Re1 Qc7 12. Bf1 Ne4 13. Bh2 Ndf6 14. Qb3 Bc6 15. Nxe4 Nxe4 16. d5 Bb7 17. Bd3 Nf6 18. e4 Nd7 19. Nd2 Ne5 20. Bf1 Rab8 21. f4 Nd7 22. c4 Rbe8 23. Nf3 e6 24. Rad1 exd5 25. cxd5 c4 26. Bxc4 Nc5 27. Qc2 b5 28. axb5 Qb6 29. Kh1 axb5 30. Bf1 b4 31. e5 b3 32. Qb1 Bc8 33. Nd4 dxe5 34. fxe5 Bb7 35. Nb5 Nd7 36. Nd6 Rxe5 37. Bxe5 Nxe5 38. Nxb7 Qxb7 39. d6 Rd8 40. Qe4 Qxe4 41. Rxe4 Nd7 42. Rd2 Nc5 43. Rc4 Ne6 44. d7 Kf8 45. Rc8 Ke7 46. Rxd8 Kxd8 47. Bc4 Nd4 48. Bxf7 Kxd7 49. Bxb3 Ke7 50. Bc4 Kd6 51. Rf2 Nf5 52. g4 Ne3 53. Bd3 g5 54. Bxh7 Bd4 55. Rd2 Ke5 56. b4 Bc3 1-0

[Event "Sharjah Rapid op"]
[Site "Sharjah"]
[Date "2021.04.30"]
[Round "8.4"]
[White "El Adnani, Mokliss"]
[Black "Grivas, Efstratios"]
[Result "1-0"]
[WhiteElo "2428"]
[BlackElo "2414"]
[PlyCount "114"]
[EventDate "2021.04.29"]
[EventType "swiss (rapid)"]
[EventRounds "9"]
[EventCountry "UAE"]
[SourceTitle "CBM 202 Extra"]
[Source "ChessBase"]
[SourceDate "2021.07.31"]
[SourceVersion "1"]
[SourceVersionDate "2021.07.31"]
[SourceQuality "1"]

1. d4 Nf6 2. Nc3 d5 3. Bg5 Nbd7 4. e3 c6 5. Nf3 g6 6. Ne5 Nxe5 7. dxe5 Ng4 8. Qd4 Bg7 9. f4 f6 10. exf6 exf6 11. Bh4 Qe7 12. 0-0-0 0-0 13. Re1 Qc7 14. h3 Nh6 15. g4 f5 16. Qc5 Be6 17. Bg2 Qd7 18. g5 Nf7 19. Rd1 b6 20. Qa3 Qc7 21. Ne2 Rfe8 22. Nd4 Bd7 23. Bf2 Nd6 24. h4 Ne4 25. Be1 c5 26. Ne2 Bc6 27. h5 Rad8 28. hxg6 hxg6 29. Ng3 d4 30. Nxe4 Bxe4 31. Bxe4 Rxe4 32. exd4 cxd4 33. Bd2 b5 34. Kb1 Rc8 35. Rc1 Re2 36. Rhd1 Bf8 37. Qa6 Qc6 38. Qa5 a6 39. Ka1 Bg7 40. Qa3 Qc4 41. Kb1 Qc6 42. Qd3 Qe4 43. Qb3+ Qe6 44. Qd3 Qc4 45. Qf3 Re4 46. Rh1 b4 47. Qh3 Kf7 48. Qf3 a5 49. Rhe1 Qc6 50. Red1 Qc4 51. Re1 Qd5 52. Red1 Rc5 53. Qd3 Qc4 54. Qf3 a4 55. b3 Qb5 56. Qd3 Qb7 57. Re1 Rc8 1-0

[Event "Sharjah Rapid op"]
[Site "Sharjah"]
[Date "2021.04.30"]
[Round "9.7"]
[White "Grivas, Efstratios"]
[Black "Osman, Ibraheem"]
[Result "1-0"]
[WhiteElo "2414"]
[BlackElo "1787"]
[PlyCount "63"]
[EventDate "2021.04.29"]
[EventType "swiss (rapid)"]
[EventRounds "9"]
[EventCountry "UAE"]
[SourceTitle "CBM 202 Extra"]
[Source "ChessBase"]
[SourceDate "2021.07.31"]
[SourceVersion "1"]
[SourceVersionDate "2021.07.31"]
[SourceQuality "1"]

1. d4 d5 2. c4 e6 3. Nf3 Nf6 4. Nc3 c6 5. Nd2 b6 6. e4 dxe4 7. Ndxe4 Be7 8. g3 0-0 9. Bg2 Bb7 10. 0-0 Na6 11. Be3 Qd7 12. Qf3 Nxe4 13. Qxe4 Rab8 14. Rad1 Rfd8 15. Qg4 f5 16. Qe2 Bf6 17. Rfe1 Re8 18. Bf4 Rbd8 19. Be5 Nc7 20. Bxf6 gxf6 21. Qh5 Qf7 22. Qh4 Qg6 23. Qf4 Rd7 24. b4 Qg5 25. Qxg5+ fxg5 26. b5 Rd6 27. c5 bxc5 28. dxc5 Rxd1 29. Rxd1 Nd5 30. bxc6 Nxc3 31. cxb7 Nxd1 32. c6 1-0

[Event "Dubai HOC blitz op"]
[Site "Dubai"]
[Date "2019.08.11"]
[Round "6"]
[White "Dimakiling, Oliver"]
[Black "Grivas, Efstratios"]
[Result "1-0"]
[WhiteElo "2504"]
[BlackElo "2333"]
[PlyCount "87"]
[EventDate "2019.08.11"]
[EventType "swiss (blitz)"]
[EventRounds "9"]
[EventCountry "UAE"]
[SourceTitle "EXT 2020"]
[Source "ChessBase"]
[SourceDate "2019.10.17"]
[SourceVersion "1"]
[SourceVersionDate "2019.10.17"]
[SourceQuality "1"]

1. c4 g6 2. Nc3 Bg7 3. Nf3 d6 4. b4 f5 5. Bb2 Nf6 6. d4 0-0 7. e3 Qe8 8. Qb3 e5 9. dxe5 dxe5 10. 0-0-0 e4 11. Nd4 Nc6 12. c5+ Kh8 13. Ncb5 Qe7 14. h4 Ne5 15. Be2 h5 16. f3 a6 17. Nc3 exf3 18. gxf3 b6 19. cxb6 cxb6 20. Rhg1 Kh7 21. b5 Ned7 22. Qe6 Re8 23. Bc4 Nc5 24. Qf7 Qxf7 25. Bxf7 Rxe3 26. Bxg6+ Kh8 27. Bxf5 axb5 28. Kb1 b4 29. Ncb5 Na4 30. Bxc8 Rxc8 31. Rxg7 Nc3+ 32. Bxc3 bxc3 33. Rg5 Rc4 34. Nc2 Rxf3 35. Nbd4 Rf4 36. Nf5 Rc8 37. a3 Rf8 38. Ne7 Ne4 39. Rxh5+ Kg7 40. Rg1+ Kf7 41. Nd5 Rf3 42. Re5 Nd2+ 43. Ka2 Nc4 44. Re7# 1-0

[Event "Dubai HOC blitz op"]
[Site "Dubai"]
[Date "2019.08.11"]
[Round "9"]
[White "Grivas, Efstratios"]
[Black "Mendonca, Leon Luke"]
[Result "1-0"]
[WhiteElo "2333"]
[BlackElo "2039"]
[PlyCount "179"]
[EventDate "2019.08.11"]
[EventType "swiss (blitz)"]
[EventRounds "9"]
[EventCountry "UAE"]
[SourceTitle "EXT 2020"]
[Source "ChessBase"]
[SourceDate "2019.10.17"]
[SourceVersion "1"]
[SourceVersionDate "2019.10.17"]
[SourceQuality "1"]

1. d4 Nf6 2. c4 e6 3. Nf3 b6 4. g3 Bb7 5. Bg2 Bb4+ 6. Nbd2 0-0 7. 0-0 d5 8. cxd5 exd5 9. a3 Be7 10. b4 Nbd7 11. Rb1 c6 12. Qc2 Re8 13. Bb2 Bd6 14. e3 a5 15. Bc3 axb4 16. Bxb4 c5 17. Bxc5 Nxc5 18. dxc5 Bxc5 19. a4 Bc6 20. Ra1 Qd6 21. a5 Bd7 22. axb6 Bxb6 23. Qd3 Bc5 24. Nd4 g6 25. Nb5 Bxb5 26. Qxb5 Rab8 27. Qd3 Rb6 28. Rab1 Reb8 29. Rxb6 Rxb6 30. Rd1 Bb4 31. Nb3 Ba3 32. h3 Qe5 33. Nd2 Bf8 34. Nf3 Qd6 35. Nd4 Rb8 36. Ra1 Nd7 37. Kh2 Ne5 38. Qc2 h5 39. Ra5 h4 40. Rxd5 Qf6 41. g4 Bg7 42. f4 Nxg4+ 43. hxg4 Re8 44. g5 Qb6 45. Qd2 Qa7 46. Bf3 Qa3 47. Nc2 Qb2 48. Rd8 Rxd8 49. Qxd8+ Kh7 50. Qd2 Qb1 51. Qe2 Qc1 52. Ne1 Qc8 53. Bg2 Qd7 54. Nf3 Qg4 55. Qf2 Kg8 56. Qxh4 Qe6 57. Qf2 Qe7 58. Qd2 Ba1 59. Nd4 Qa7 60. Bf3 Qe7 61. Kg3 Qa7 62. Nc6 Qc7 63. Qd8+ Qxd8 64. Nxd8 Kg7 65. Bd5 f6 66. Ne6+ Kh7 67. gxf6 Bxf6 68. Kg4 Be7 69. e4 Bf6 70. e5 Be7 71. Nd4 Kg7 72. Nc6 Bc5 73. Kf3 Kf8 74. Ke4 Kg7 75. Bc4 Ba3 76. Nd4 Bb4 77. Ne2 Kf8 78. Kd5 Ke7 79. Bd3 Kf7 80. Kc6 Ba3 81. Kd7 Bb4 82. Ng3 Bd2 83. e6+ Kg7 84. e7 Bxf4 85. Ne4 Be5 86. e8Q Bb2 87. Qe7+ Kh6 88. Qg5+ Kg7 89. Nd6 Kf8 90. Qxg6 1-0

[Event "Dubai HOC blitz op"]
[Site "Dubai"]
[Date "2019.08.11"]
[Round "4"]
[White "Soham, Datar"]
[Black "Grivas, Efstratios"]
[Result "1-0"]
[WhiteElo "1966"]
[BlackElo "2333"]
[PlyCount "90"]
[EventDate "2019.08.11"]
[EventType "swiss (blitz)"]
[EventRounds "9"]
[EventCountry "UAE"]
[SourceTitle "EXT 2020"]
[Source "ChessBase"]
[SourceDate "2019.10.17"]
[SourceVersion "1"]
[SourceVersionDate "2019.10.17"]
[SourceQuality "1"]

1. b3 e5 2. Bb2 Nc6 3. e3 Nf6 4. Bb5 Bd6 5. Ne2 0-0 6. 0-0 Re8 7. f4 exf4 8. Nxf4 Be5 9. Nc3 d5 10. Na4 Bxb2 11. Nxb2 d4 12. Nc4 Bd7 13. Nh5 Nxh5 14. Qxh5 Re7 15. e4 a6 16. Bxc6 Bxc6 17. d3 b5 18. Na5 Be8 19. Nb7 Qb8 20. Nc5 c6 21. b4 a5 22. a3 Qd6 23. Rae1 f6 24. Qh4 axb4 25. axb4 Re5 26. Qf2 Bg6 27. Ra1 Rae8 28. Ra7 f5 29. Rd7 Qf6 30. Qxd4 h6 31. Rd6 Qg5 32. Nd7 R5e7 33. e5 Ra8 34. Qf4 Qxf4 35. Rxf4 Be8 36. e6 Ra1+ 37. Rf1 Ra2 38. c4 bxc4 39. dxc4 Rb2 40. b5 cxb5 41. c5 Rc2 42. c6 b4 43. Rb1 Rc4 44. Kf2 f4 45. Rb2 g5 1-0

[Event "GRE-chT 47th"]
[Site "Patras"]
[Date "2019.07.05"]
[Round "6.4"]
[White "Tetepoulidis, Ioannis"]
[Black "Grivas, Efstratios"]
[Result "1/2-1/2"]
[WhiteElo "2117"]
[BlackElo "2418"]
[PlyCount "81"]
[EventDate "2019.07.02"]
[EventType "team-swiss"]
[EventRounds "7"]
[EventCountry "GRE"]
[SourceTitle "CBM 191 Extra"]
[Source "ChessBase"]
[SourceDate "2019.09.30"]
[SourceVersion "1"]
[SourceVersionDate "2019.09.30"]
[SourceQuality "1"]
[WhiteTeam "The Police"]
[BlackTeam "Heraklion OF"]
[WhiteTeamCountry "GRE"]
[BlackTeamCountry "GRE"]

1. e4 c5 2. Nc3 Nc6 3. f4 e6 4. Nf3 Nge7 5. d4 Nxd4 6. Nxd4 cxd4 7. Qxd4 Nc6 8. Qf2 d6 9. Be3 Bd7 10. 0-0-0 a6 11. Bb6 Qb8 12. g4 Be7 13. Rg1 g5 14. f5 Ne5 15. f6 Bd8 16. Bxd8 Qxd8 17. Rxd6 Qc7 18. Rd2 0-0-0 19. Be2 Bc6 20. Rxd8+ Rxd8 21. h4 h6 22. Qe3 Rg8 23. hxg5 hxg5 24. Rh1 Nd7 25. Qd4 Qf4+ 26. Kb1 Qxf6 27. Qxf6 Nxf6 28. Rf1 Nxe4 29. Nxe4 Bxe4 30. Rxf7 Rh8 31. Kc1 Rh2 32. Bd3 Bxd3 33. cxd3 Rg2 34. Re7 Rxg4 35. Rxe6 Kd7 36. Rg6 Rg2 37. d4 g4 38. d5 g3 39. a4 Ke7 40. d6+ Kd7 41. Kb1 1/2-1/2

[Event "Sharjah Ramadan op rapid"]
[Site "Sharjah"]
[Date "2019.05.14"]
[Round "3"]
[White "Grivas, Efstratios"]
[Black "Mehdi, Samer"]
[Result "1-0"]
[WhiteElo "2418"]
[BlackElo "2077"]
[PlyCount "85"]
[EventDate "2019.05.13"]
[EventType "swiss (rapid)"]
[EventRounds "9"]
[EventCountry "UAE"]
[SourceTitle "CBM 190 Extra"]
[Source "ChessBase"]
[SourceDate "2019.07.15"]
[SourceVersion "1"]
[SourceVersionDate "2019.07.15"]
[SourceQuality "1"]

1. d4 Nf6 2. Nf3 e6 3. g3 b5 4. Bg2 Bb7 5. 0-0 Be7 6. Bg5 h6 7. Bxf6 Bxf6 8. Qd3 a6 9. a4 b4 10. Nbd2 Qc8 11. Nb3 a5 12. Rfe1 0-0 13. e4 d6 14. c3 Nd7 15. Rac1 c5 16. Nfd2 Ba6 17. Qe3 bxc3 18. bxc3 e5 19. dxc5 Nxc5 20. Nxc5 dxc5 21. h4 c4 22. Bf1 Be7 23. Rc2 Bc5 24. Qf3 Rd8 25. Qf5 Ba7 26. Qxe5 Re8 27. Qxa5 Qg4 28. Kg2 Bb7 29. Qc7 Rab8 30. Qf4 Qxf4 31. gxf4 Bc6 32. Bxc4 Rbd8 33. Bb5 Rc8 34. c4 Bd4 35. f3 Red8 36. Nb3 Bf6 37. Kg3 Rd3 38. Na5 Ba8 39. c5 Rc3 40. Rec1 Ra3 41. c6 Be7 42. Nc4 Rd3 43. Nb6 1-0

[Event "Dubai The Arbor blitz op"]
[Site "Dubai"]
[Date "2019.04.12"]
[Round "1"]
[White "Dalvi, Sharjeel"]
[Black "Grivas, Efstratios"]
[Result "0-1"]
[WhiteElo "1315"]
[BlackElo "2411"]
[PlyCount "44"]
[EventDate "2019.04.12"]
[EventType "swiss (blitz)"]
[EventRounds "9"]
[EventCountry "UAE"]
[SourceTitle "CBM 189 Extra"]
[Source "ChessBase"]
[SourceDate "2019.06.03"]
[SourceVersion "1"]
[SourceVersionDate "2019.06.03"]
[SourceQuality "1"]

1. e4 c5 2. Nf3 Nc6 3. d4 cxd4 4. Nxd4 Qb6 5. Nxc6 bxc6 6. Bd3 e5 7. Nc3 Nf6 8. 0-0 Be7 9. a3 0-0 10. Rb1 d5 11. exd5 cxd5 12. Bg5 Bb7 13. Be2 d4 14. Na2 Rac8 15. c3 Rfd8 16. Bxf6 Bxf6 17. Qc2 e4 18. Bg4 Rc5 19. b4 Rg5 20. Bh3 d3 21. Qd2 Qc7 22. f4 exf3 0-1

[Event "Aarhus Chess House GM"]
[Site "Aarhus"]
[Date "2019.02.10"]
[Round "2"]
[White "Grivas, Efstratios"]
[Black "Thybo, Jesper Sondergaard"]
[Result "1-0"]
[WhiteElo "2413"]
[BlackElo "2517"]
[PlyCount "91"]
[EventDate "2019.02.09"]
[EventType "tourn"]
[EventRounds "9"]
[EventCountry "DEN"]
[EventCategory "8"]
[SourceTitle "CBM 188 Extra"]
[Source "ChessBase"]
[SourceDate "2019.02.26"]
[SourceVersion "1"]
[SourceVersionDate "2019.02.26"]
[SourceQuality "1"]

1. d4 Nf6 2. c4 e6 3. Nf3 d5 4. Nc3 Bb4 5. cxd5 exd5 6. Bg5 h6 7. Bxf6 Qxf6 8. Qb3 Qb6 9. e3 c6 10. Bd3 0-0 11. 0-0 Bd6 12. Qc2 Nd7 13. Rab1 a5 14. e4 dxe4 15. Nxe4 Be7 16. Rfe1 Nf6 17. Bc4 Nd5 18. Nc3 Be6 19. Bxd5 cxd5 20. Qd3 Rfc8 21. Ne5 Qa6 22. Qf3 Qd6 23. Re2 Bf6 24. Rbe1 a4 25. a3 b5 26. Nxb5 Qb6 27. Qd3 Rab8 28. Nc3 Qa7 29. f4 g6 30. Kh1 Kg7 31. Rd2 Rb6 32. Qf3 Rcb8 33. Ree2 Qa5 34. h3 h5 35. Kh2 R8b7 36. g4 hxg4 37. hxg4 Rd6 38. Kg3 Rb8 39. Rh2 Kg8 40. f5 Bc8 41. fxg6 Bxe5+ 42. dxe5 Rxg6 43. Qh1 Rxg4+ 44. Kf3 Kf8 45. Rh8+ Ke7 46. Qh6 1-0

[Event "GRE-ch 68th"]
[Site "Thessaloniki"]
[Date "2018.12.19"]
[Round "8"]
[White "Grivas, Efstratios"]
[Black "Kourkoulos Arditis, Stamatis"]
[Result "1/2-1/2"]
[WhiteElo "2424"]
[BlackElo "2424"]
[PlyCount "64"]
[EventDate "2018.12.12"]
[EventType "tourn"]
[EventRounds "9"]
[EventCountry "GRE"]
[EventCategory "5"]
[SourceTitle "CBM 187 Extra"]
[Source "ChessBase"]
[SourceDate "2018.11.04"]
[SourceVersion "1"]
[SourceVersionDate "2018.11.04"]
[SourceQuality "1"]

1. d4 Nf6 2. Nf3 g6 3. g3 Bg7 4. Bg2 0-0 5. 0-0 d6 6. a4 c6 7. a5 Qc7 8. Nc3 e5 9. e4 Na6 10. h3 b5 11. axb6 axb6 12. Be3 b5 13. dxe5 dxe5 14. Nd2 Be6 15. Ne2 Qe7 16. c3 Nc5 17. Qc2 Nfd7 18. b4 Nb7 19. Qb2 Nd6 20. Rxa8 Rxa8 21. Ra1 Qd8 22. Nc1 Ra4 23. Rxa4 bxa4 24. Qa1 Qa8 25. Ncb3 Bxb3 26. Nxb3 Nc4 27. Bc1 Ndb6 28. Bf1 Qd8 29. Na5 Qd1 30. Bb2 Nxb2 31. Qxb2 Bf8 32. Kg2 c5 1/2-1/2

[Event "GRE-ch 68th"]
[Site "Thessaloniki"]
[Date "2018.12.17"]
[Round "6"]
[White "Grivas, Efstratios"]
[Black "Makka, Evanthia"]
[Result "1-0"]
[WhiteElo "2424"]
[BlackElo "2084"]
[PlyCount "81"]
[EventDate "2018.12.12"]
[EventType "tourn"]
[EventRounds "9"]
[EventCountry "GRE"]
[EventCategory "5"]
[SourceTitle "CBM 187 Extra"]
[Source "ChessBase"]
[SourceDate "2018.11.04"]
[SourceVersion "1"]
[SourceVersionDate "2018.11.04"]
[SourceQuality "1"]

1. Nf3 d5 2. c4 e6 3. g3 dxc4 4. Qa4+ Bd7 5. Qxc4 c5 6. Bg2 Nc6 7. 0-0 Nf6 8. b3 Be7 9. Bb2 Rc8 10. d3 0-0 11. Nbd2 b5 12. Qc3 Kh8 13. Rfc1 Rg8 14. Ne5 Nxe5 15. Qxe5 Bc6 16. Bxc6 Rxc6 17. a4 a6 18. axb5 axb5 19. Ra7 Nd5 20. Qh5 f6 21. Nf3 Rc7 22. Ra5 Rb7 23. Rca1 e5 24. Bc1 Nc3 25. Nd2 Qd4 26. Qf3 Rd7 27. Kg2 Qd5 28. Qxd5 Rxd5 29. Kf1 Bd8 30. Ra7 Rd6 31. Bb2 Nd5 32. Rb7 Rb6 33. Rd7 Nc7 34. Ne4 Rf8 35. Nxc5 Rc6 36. Nb7 Ne6 37. Nxd8 Rxd8 38. Rxd8+ Nxd8 39. Ra8 Rd6 40. Ba3 Rd7 41. Be7 1-0

[Event "GRE-ch 68th"]
[Site "Thessaloniki"]
[Date "2018.12.16"]
[Round "5"]
[White "Grivas, Efstratios"]
[Black "Kanakaris, Georgios"]
[Result "0-1"]
[WhiteElo "2424"]
[BlackElo "2401"]
[PlyCount "104"]
[EventDate "2018.12.12"]
[EventType "tourn"]
[EventRounds "9"]
[EventCountry "GRE"]
[EventCategory "5"]
[SourceTitle "CBM 187 Extra"]
[Source "ChessBase"]
[SourceDate "2018.11.04"]
[SourceVersion "1"]
[SourceVersionDate "2018.11.04"]
[SourceQuality "1"]

1. d4 d5 2. c4 c6 3. Nf3 Nf6 4. Nc3 e6 5. Qd3 Nbd7 6. g3 Be7 7. Bg2 0-0 8. 0-0 b6 9. cxd5 exd5 10. Bf4 Bb7 11. Rad1 Re8 12. Rfe1 Nf8 13. Ne5 Ne6 14. Be3 Bd6 15. f4 Qe7 16. Bf2 c5 17. e3 Rad8 18. Qc2 Bb8 19. a3 a6 20. Rd2 b5 21. Qd1 c4 22. Qc2 Qd6 23. g4 Ne4 24. Nxe4 dxe4 25. Bxe4 Bxe4 26. Qxe4 f6 27. Bh4 fxe5 28. Bxd8 Qxd8 29. fxe5 Ng5 30. Qc6 Re6 31. Qg2 Bxe5 32. Rf1 Bd6 33. Rdf2 h6 34. Rf5 Ne4 35. Kh1 Qh4 36. R5f3 Ng3+ 37. Rxg3 Bxg3 38. Qxg3 Qxg3 39. hxg3 Rxe3 40. Kg2 Rd3 41. Rf2 Rxd4 42. Kh3 Rd6 43. g5 hxg5 44. Kg4 Rd5 45. Kh5 Kh7 46. Rf7 Rd2 47. Ra7 Rxb2 48. Rxa6 c3 49. Kxg5 Ra2 50. Rb6 Rxa3 51. Rxb5 c2 52. Rc5 Ra5 0-1

[Event "GRE-ch 68th"]
[Site "Thessaloniki"]
[Date "2018.12.12"]
[Round "1"]
[White "Grivas, Efstratios"]
[Black "Ioannidis, Evgenios"]
[Result "1/2-1/2"]
[WhiteElo "2424"]
[BlackElo "2382"]
[PlyCount "85"]
[EventDate "2018.12.12"]
[EventType "tourn"]
[EventRounds "9"]
[EventCountry "GRE"]
[EventCategory "5"]
[SourceTitle "CBM 187 Extra"]
[Source "ChessBase"]
[SourceDate "2018.11.04"]
[SourceVersion "1"]
[SourceVersionDate "2018.11.04"]
[SourceQuality "1"]

1. Nf3 d5 2. e3 Nf6 3. c4 e6 4. Nc3 Be7 5. d4 0-0 6. Bd3 dxc4 7. Bxc4 a6 8. 0-0 b5 9. Bd3 Bb7 10. Qe2 Nbd7 11. Rd1 c5 12. dxc5 Bxc5 13. Ng5 Qc7 14. Nce4 Be7 15. Bd2 h6 16. Rac1 Qb6 17. Nxf6+ Nxf6 18. Nf3 Ne4 19. Bxe4 Bxe4 20. Ne5 Rad8 21. Bc3 Rxd1+ 22. Qxd1 Qb7 23. Qg4 Bf5 24. Qg3 b4 25. Bd4 f6 26. Nc6 e5 27. Qf3 Rc8 28. Nxe7+ Qxe7 29. Qd5+ Kh8 30. Rxc8+ Bxc8 31. Bc5 Qe6 32. e4 Qxd5 33. exd5 b3 34. axb3 Kg8 35. Kf1 Kf7 36. Ke2 Bb7 37. d6 Ke6 38. g3 h5 39. h4 Bc6 40. Kd3 Bd5 41. Kc3 Kd7 42. b4 Bc6 43. Kd3 1/2-1/2